El malestar en la globalización
Guardat en:
| Autor principal: | |
|---|---|
| Format: | Llibre |
| Idioma: | espanyol |
| Publicat: |
Madrid
Santillana
2002
|
| Edició: | 2a. ed |
| Col·lecció: | Pensamiento
|
| Matèries: | |
| Etiquetes: |
Afegir etiqueta
Sense etiquetes, Sigues el primer a etiquetar aquest registre!
|
MARC
| LEADER | 00000cam a2200000 a 4500 | ||
|---|---|---|---|
| 001 | UCM6486 | ||
| 003 | CL-VaPUC | ||
| 008 | 021108e20020000SP |||||||||||||||||spa|d | ||
| 020 | |a 9681911873 | ||
| 082 | 0 | 4 | |a 338.9 |b STI |2 21 |
| 100 | 0 | |a Stiglitz, Joseph E |e author |9 472401 | |
| 245 | 1 | 3 | |a El malestar en la globalización |
| 250 | |a 2a. ed | ||
| 300 | |a 314 p | ||
| 942 | |c BK | ||
| 945 | |d 20021108 00:00:00 |a cmena | ||
| 260 | |a Madrid |b Santillana |c 2002 | ||
| 600 | 0 | 7 | |a FMI |2 CL-VaPUC |9 409705 |
| 600 | 0 | 7 | |a BANCO MUNDIAL |2 CL-VaPUC |9 388725 |
| 650 | 0 | |a Desarrollo económico y social |9 256320 | |
| 650 | 0 | |a Globalización |9 361930 | |
| 650 | 0 | |a Poder político |9 255509 | |
| 650 | 0 | |a Ideologías políticas |9 255735 | |
| 650 | 0 | |a Políticas económicas |9 353940 | |
| 650 | 0 | |a Planificación estratégica |9 259735 | |
| 650 | 7 | |a COMERCIO INTERNACIONAL |2 CL-VaPUC |9 472402 | |
| 583 | |a last modification |c 20170224 05:16:45 |k Rodrigo Vera | ||
| 490 | 0 | |a Pensamiento | |
| 999 | |c 301881 |d 301879 | ||
| 952 | |0 0 |1 0 |4 0 |6 338_900000000000000_STI_2002 |7 0 |8 A |9 361622 |a BIBTEO |b BIBTEO |d 2019-11-21 |i 385552K |o 338.9 STI 2002 |p 385552K |r 2025-01-17 |w 2019-11-21 |y BK |k ICR | ||
| 952 | |0 0 |1 0 |3 erb |4 0 |6 338_900000000000000_STI_2002 |7 0 |8 A |9 361623 |a BIBENE |b BIBENE |i 5328594 |o 338.9 STI 2002 |p 5328594 |r 2025-01-15 |w 2019-11-21 |y BK |z Catalogado en:20170303 |k ICO | ||